00746cam a22002417a 4500003000500000005001700005008004100022010000900063011000900072035000900081040000900090082002000099100002400119245005500143260007600198300003000274410004900304490002600353650002700379650002300406810004900429830002600478CHAP20220817041004.0971013s1989 r 00010 d a4061 a5033 a4239 cCHAP a633.1109549bP500aPinckney, Thomas C.14aThe demand for public storage of wheat in Pakistan aWashington, D. C :bInternational Food Policy Research Institute,c1989 a110 p.b; gráfs., mapas aInternational Food Policy Research Institute 0aResearch reportv; 7714aTrigoxAlmacenamiento.14aTrigoxPakistán. aInternational Food Policy Research Institute0 aResearch reportv; 77